Традиции и перспективи на българското приложно изкуство (Запис номер 3489)
[ съкратено ]
| 000 -Лидер | |
|---|---|
| Контролно поле с фиксирана дължина | nam a22 a 4500 |
| 003 - Код на организацията, давaща контролен номер | |
| Контролно поле | BLK |
| 005 - Дата и час на последна редакция | |
| Контролно поле | 20221103082510.0 |
| 008 - Елементи от данни с фиксирана дължина | |
| fixed length control field | 180412b bul|||||r ||||||| ||bul|| |
| 010 ## - Наследен системен номер | |
| LC control number | KNG00004581000 |
| 040 ## - Източник на каталожния запис | |
| Идентификатор на билиотеката - собственик на записа | BLK |
| 041 ## - Код за език | |
| Код за езика на текст/звукозапис или на отделно заглавие | Български |
| Код за езика КДБФ | Български |
| 080 ## - УДК | |
| Текстов определител УДК | Приложно изкуство. Художествени занаяти. Интериор. Дизайн. Играчки. Худож. пространствено оформление |
| УДК код - определител по УДК | 745/749 |
| УДК определител | (497.2) |
| УДК - код + определител | 745/749(497.2) |
| 100 1# - Редна дума - Автор | |
| Автор | Славов, Атанас |
| Авторска отговорност | първи автор |
| R(LIN) | 242484 |
| 139 ## - Редно поле | |
| Редна дума | Славов, Атанас |
| Авторски знак | Слави - С 43 |
| 245 10 - Сведения за заглавието | |
| Заглавие | Традиции и перспективи на българското приложно изкуство |
| Подзаглавни данни | Моногр. |
| Редно поле (дума) | Атанас Славов. |
| 257 ## - Страна на издаване | |
| Страна на създаване/издаване | България |
| 260 ## - Област на издателските данни | |
| Име на издателя, разпространителя и проч. | Бълг. художник |
| Година на издаване | 1975 |
| Място на издаване, разпространение и проч. | София |
| 300 ## - Физическа характеристика | |
| Страници | 216 с. |
| Илюстрации и др. | с ил. |
| Размери/Мащаб | 24 см |
| 380 ## - Жанр | |
| Жанр | Изкуство |
| 500 ## - Общи забележки | |
| Забележка | Офс. изд. - Библиогр. с. 212-214. - 2 120 тир. |
| 504 ## - Забележка за наличие на библиография и др | |
| Забележка за наличие на библиография и под. | 212-214 |
| 650 #4 - Допълнително описание по предмет – тема | |
| Основно описание – тема или топоним | Приложно и декоративно изкуство - България |
| 9 (RLIN) | 247366 |
| 651 #4 - Допълнително описание по предмет - топоним | |
| Географско понятие | България |
| 9 (RLIN) | 241624 |
| 653 ## - Ключова дума – ненормативна | |
| Ключова дума | приложни изкуства |
| 653 ## - Ключова дума – ненормативна | |
| Ключова дума | декоративно изкуство |
| 852 ## - Местоположение | |
| Форматна сигнатура | Цб 78686 |
| Фондова буква | Хранилище |
| 856 4# - Електронен адрес и достъп | |
| Електронен формат | pdf - файл |
| Път до файла /url/ | |
| Инструкция (цена за достъп) | 0.00 |
| Права за достъп | disable |
| 856 4# - Електронен адрес и достъп | |
| Електронен формат | pdf - файл |
| Път до файла /url/ | |
| Инструкция (цена за достъп) | 0.00 |
| Права за достъп | disable |
| 999 ## - СИСТЕМНИ КОНТРОЛНИ НОМЕРА | |
| Koha biblionumber | 3489 |
| Koha biblioitemnumber | 3489 |
| 942 ## - АРТИКУЛИ | |
| Вид на библиотечния материал | Книги |
| Скрит в OPAC | Не |
| Koha issues (borrowed), all copies | 1 |
| Периодичен библиозапис | Да |
| 944 ## - СЪЗДАВАНЕ И РЕДАКЦИЯ на ЗАПИСА | |
| Създаване/Редакция | Създаване |
| Дата на регистрацията/редакция | 26.06.2009 |
| Статус, дата на статуса | ф / |
| Служител, извършил регистрацията/редакцията | Людмила_Стоянова |
| 944 ## - СЪЗДАВАНЕ И РЕДАКЦИЯ на ЗАПИСА | |
| Създаване/Редакция | Редакция |
| Дата на регистрацията/редакция | 07.06.2012 |
| Статус, дата на статуса | ф / |
| 944 ## - СЪЗДАВАНЕ И РЕДАКЦИЯ на ЗАПИСА | |
| Създаване/Редакция | Редакция |
| Дата на регистрацията/редакция | 2022-11-03 |
| Статус, дата на статуса | 2022-11-03 |
| 999 ## - СИСТЕМНИ КОНТРОЛНИ НОМЕРА | |
| Koha biblioitemnumber | 3489 |
| Код за отписване | Код за изгубен артикул | Източник на класификационната схема | Код за повреда | Коз за рестрикции | Код за отдаване | Артикулен № | Име на библиотеката - собственик | Име на библиотеката, в която се намира в момента | Статус (Текущо местоположение) | Дата на вписване в системата | Местоположение - отдел | Цена в лева | Инвентарен номер | Систематично азбучна сигнатура | Баркод | Номер на екземпляра | Цена в евро | Служебна бележка | Служебен тип на артикула |
|---|---|---|---|---|---|---|---|---|---|---|---|---|---|---|---|---|---|---|---|
| Не е изгубен | Universal Decimal Classification | Не е повреден | само за читалня | ползва се в читалня | 6283 | Регионална библиотека "Любен Каравелов" Русе | Регионална библиотека "Любен Каравелов" Русе | Хранилище | 1975-01-01 | Хранилище | 2.53 | 196104 | Цб 78686 | 120000196104 | 1 | 1.29 | Дост: Dp Вид: Д N: стар фонд Дата: 01.01.1975 | Книги | |
| Изтеглен | Не е изгубен | Universal Decimal Classification | Не е повреден | без рестрикции | заемане за дома | 6284 | Регионална библиотека "Любен Каравелов" Русе | Регионална библиотека "Любен Каравелов" Русе | Отдел Изкуство - подръчен фонд | 1975-01-01 | Отдел Изкуство - подръчен фонд | 2.53 | 202321 | 745/749/С 43 | 202321 | 2 | 1.29 | Дост: Pk Вид: Ф N: стар фонд Дата: 01.01.1975 Дата инв: 12.02.2015 Бележки инв: ИП2015 | Книги |
| Не е изгубен | Universal Decimal Classification | Не е повреден | без рестрикции | заемане за дома | 6285 | Регионална библиотека "Любен Каравелов" Русе | Регионална библиотека "Любен Каравелов" Русе | Отдел Изкуство - подръчен фонд | 1975-01-01 | Отдел Изкуство - подръчен фонд | 2.53 | 202322 | 745/749/С 43 | 120000202322 | 3 | 1.29 | Дост: Pk Вид: Ф N: стар фонд Дата: 01.01.1975 Дата инв: 07.06.2012 Бележки инв: | Книги | |
| Не е изгубен | Universal Decimal Classification | Не е повреден | без рестрикции | заемане за дома | 6286 | Регионална библиотека "Любен Каравелов" Русе | Регионална библиотека "Любен Каравелов" Русе | Отдел Изкуство - подръчен фонд | 1975-01-01 | Отдел Изкуство - подръчен фонд | 2.53 | 207017 | 745/749/С 43 | 120000207017 | 4 | 1.29 | Дост: Pk Вид: Ф N: стар фонд Дата: 01.01.1975 Дата инв: 12.02.2015 Бележки инв: ИП2015 | Книги |